Meghanaad badh (Record no. 2520)

MARC details
000 -LEADER
fixed length control field 00476cam a2200193ua 4500
008 - FIXED-LENGTH DATA ELEMENTS--GENERAL INFORMATION
fixed length control field 110909n ii |||gr||||Z||||||asm
040 ## - CATALOGING SOURCE
Transcribing agency MAIN
082 ## - DEWEY DECIMAL CLASSIFICATION NUMBER
Classification number 891.4512
100 ## - MAIN ENTRY--PERSONAL NAME
Personal name Baruah, Chandadhar,
Relator term
245 11 - TITLE STATEMENT
Title Meghanaad badh
Statement of responsibility, etc. by Chandadhar Baruah
250 ## - EDITION STATEMENT
Edition statement 11th.
260 ## - PUBLICATION, DISTRIBUTION, ETC.
Place of publication, distribution, etc. Jorhat:
Name of publisher, distributor, etc. Nalinidhar baruah,965.
300 ## - PHYSICAL DESCRIPTION
Extent 110p:9cm.
942 ## - ADDED ENTRY ELEMENTS (KOHA)
Koha item type Books
653 ## - INDEX TERM--UNCONTROLLED
Uncontrolled term Assamese drama
653 ## - INDEX TERM--UNCONTROLLED
Uncontrolled term Assamese language
653 ## - INDEX TERM--UNCONTROLLED
Uncontrolled term Meghanaad badh
Holdings
Withdrawn status Lost status Damaged status Not for loan Home library Current library Shelving location Date acquired Total Checkouts Full call number Barcode Date last seen Copy number Price effective from Koha item type
        Naharkatiya College Library Naharkatiya College Library General Stacks 19/09/2020   891.4512 | BAR 7385 19/09/2020 1 19/09/2020 Books

Naharkatiya College © 2020. All rights reserved.

Powered By